000 00314nam a2200109Ia 4500
008 200302s9999 xx 000 0 und d
100 _aStephen Dobney
245 _aThe Master Architect Series Arup Associates Selected and Current Works
260 _bImages Publishing Group Ltd.
260 _c1994
300 _a256 P.,
999 _c1116
_d1116